Biện pháp quản lý chất lượng giáo dục tại nhóm lớp mầm non độc lập tư thục trên địa bàn thành phố Đà Nẵng

Cơ sở lý luận về quản lý chất lượng giáo dục mầm non; Thực trạng quản lý chất lượng giáo dục tại nhóm mầm non độc lập tư thục trên địa bàn thành phố Đà Nẵng; Các biện pháp quản lý chất lượng giáo dục tại NLMNĐLTT trên địa bàn TP Đà Nẵng......

全面介紹

Đã lưu trong:
書目詳細資料
主要作者: Đặng Thị Cẩm Tú
其他作者: Lê Quang Sơn PGS.TS (Hướng dẫn)
格式: 圖書
語言:Vietnamese
出版: Đà Nẵng Đại học Đà Nẵng 2013
主題:
標簽: 添加標簽
沒有標簽, 成為第一個標記此記錄!
Thư viện lưu trữ: Mạng thư viện Đại học Đà Nẵng
LEADER 01876nam a2200349 4500
001 000019326
003 15761
005 20140417140458.0
008 140417s2013 viesd
041 |a vie 
082 1 4 |a 372.114  |b ĐĂ-T 
100 |a Đặng Thị Cẩm Tú 
245 |a Biện pháp quản lý chất lượng giáo dục tại nhóm lớp mầm non độc lập tư thục trên địa bàn thành phố Đà Nẵng  |c Đặng Thị Cẩm Tú ; Lê Quang Sơn hướng dẫn.  |k Luận văn Thạc sĩ 
260 |a Đà Nẵng  |b Đại học Đà Nẵng  |c 2013 
300 |a 110 tr., phụ lục 8 tr.  |c 29 cm.  |e Tóm tắt 
500 |a Luận văn thạc sĩ Quản lý giáo dục. Chuyên ngành: Quản lý giáo dục. Mã số: 60.14.05. 
520 |a Cơ sở lý luận về quản lý chất lượng giáo dục mầm non; Thực trạng quản lý chất lượng giáo dục tại nhóm mầm non độc lập tư thục trên địa bàn thành phố Đà Nẵng; Các biện pháp quản lý chất lượng giáo dục tại NLMNĐLTT trên địa bàn TP Đà Nẵng... 
650 0 4 |a Giáo dục mầm non  |v Luận văn tốt nghiệp  |x Quản lý chất lượng  |x Nghiên cứu  |z Đà Nẵng 
653 |a Giáo dục mầm non 
653 |a Quản lý giáo dục 
653 |a Quản lý chất lượng 
700 1 |a Lê Quang Sơn  |c PGS.TS  |e Hướng dẫn 
OWN |a LSP 
AVA |a UDN50  |b LSP  |d 372.114 ĐĂ-T  |e available  |t Error 5001 Not defined in file expand_doc_bib_avail.  |f 1  |g 0  |h N  |i 0  |k 1 
999 |a From the UDN01 
AVA |a UDN50  |b LSP  |d 372.114 ĐĂ-T  |e available  |t Error 5001 Not defined in file expand_doc_bib_avail.  |f 1  |g 0  |h N  |i 0  |k 1 
TYP |a Monograph 
TYP |a Printed language 
980 |a Mạng thư viện Đại học Đà Nẵng